000 00677nam a2200241Ia 4500
003 OSt
005 20220918192315.0
006 a|||||r|||| 00| 0
007 ta
008 220917b |||||||| |||| 00| 0 eng d
024 _a67,801
037 _cTextual
040 _aARTS
_cARTS
_beng
041 _2eng
_aeng
082 _aR3xM59:g, L7
100 _aMorgenbesser Sidney ed
_972469
245 0 _aDewey and critics
_b essays from journal of philosophy
260 _aNew York
_bJournal of Philosophy
_c1977
300 _axliv,705p.
_ccm.
650 _aPHILOSOPHY
942 _hR3xM59:g, L7
_cTEXL
_2CC
999 _c194034
_d194034